Alternativas en comunicacion (Record n. 67004)
[ formato base ]
| 000 -LEADER | |
|---|---|
| fixed length control field | 01220nam a2200325Ia 4500 |
| 001 - CONTROL NUMBER | |
| control field | 86664 |
| 003 - CONTROL NUMBER IDENTIFIER | |
| control field | IT-RoPAU |
| 008 - FIXED-LENGTH DATA ELEMENTS--GENERAL INFORMATION | |
| fixed length control field | 130308s9999 xx 000 0 und d |
| 040 ## - CATALOGING SOURCE | |
| Original cataloging agency | IT-RoPAU |
| 040 ## - CATALOGING SOURCE | |
| Transcribing agency | IT-RoPAU |
| 041 ## - LANGUAGE CODE | |
| Language code of text/sound track or separate title | SPAGNOLO |
| 999 ## - SYSTEM CONTROL NUMBERS (KOHA) | |
| Koha Dewey Subclass [OBSOLETE] | SI |
| 100 ## - MAIN ENTRY--PERSONAL NAME | |
| Personal name | De Fontcuberta Mar |
| 100 ## - MAIN ENTRY--PERSONAL NAME | |
| Miscellaneous information | Codice Aut. SPICS: 30844 |
| 245 ## - TITLE STATEMENT | |
| Title | Alternativas en comunicacion |
| 245 ## - TITLE STATEMENT | |
| Remainder of title | Alternativas En Comunicacion |
| 250 ## - EDITION STATEMENT | |
| Edition statement | 1a ed. |
| 260 ## - PUBLICATION, DISTRIBUTION, ETC. (IMPRINT) | |
| Place of publication, distribution, etc. | BARCELONA |
| 260 ## - PUBLICATION, DISTRIBUTION, ETC. (IMPRINT) | |
| Name of publisher, distributor, etc. | Mitre |
| 260 ## - PUBLICATION, DISTRIBUTION, ETC. (IMPRINT) | |
| Date of publication, distribution, etc. | 1983 [1° Ed.:1983 - Ed.Ling.Originale:1983] |
| 300 ## - PHYSICAL DESCRIPTION | |
| Extent | "144 p. (prefazione: no ; testo: 144 [pagine: 0-0])" |
| 500 ## - GENERAL NOTE | |
| General note | Alternative in Comunicazione Modi di Produzione comunicativi in Area Socialista e capitalista Incomunicazione e Perdita del sentimento concettualizzazione di Comunicazione e Alternative concettualizzazione dei Media e Alternative Analisi di Alternative Teorico Pratiche in Comunicazione Controinformazione Enfasi utopie Bibliografia Critica di Esperienze e Teorie |
| 650 ## - SUBJECT ADDED ENTRY--TOPICAL TERM | |
| Topical term or geographic name as entry element | TEORIA DELLA COMUNICAZIONE SOCIALE |
| 650 ## - SUBJECT ADDED ENTRY--TOPICAL TERM | |
| Relator term | Codice materia Spics: 3802 |
| 700 ## - ADDED ENTRY--PERSONAL NAME | |
| Personal name | Gomez Mompart Josep Lluis |
| 700 ## - ADDED ENTRY--PERSONAL NAME | |
| Miscellaneous information | Codice Aut. SPICS: 30885 |
| 942 ## - ADDED ENTRY ELEMENTS (KOHA) | |
| Koha item type | LIBRO |
| 957 ## - | |
| -- | 1 |
| 999 ## - SYSTEM CONTROL NUMBERS (KOHA) | |
| -- | 1 |
| Withdrawn status | Lost status | Damaged status | Not for loan | Home library | Current library | Date acquired | Total Checkouts | Full call number | Date last seen | Price effective from | Koha item type | Public note |
|---|---|---|---|---|---|---|---|---|---|---|---|---|
| Buone Condizioni | Not For Loan | SPICS-MEDIATECA | SPICS-MEDIATECA | 08/03/2013 | 86664 | 08/03/2013 | 08/03/2013 | LIBRO | Progressivo inserimento: 11243 / N. Volumi: 1 Copie: 1 Copia Rara: SI / data import: 1 marzo 2013 - By Epidotti, Trombetti, Vaglietti. |